000 01140cam a22003134a 4500
001 12102770
005 20161202204007.0
008 000711s2001 paua bf 001 0 eng c
010 _a 00058807
020 _a1582550700 (flexible cover)
035 _a(DNLM)100959844
040 _aDNLM/DLC
_cDLC
_dDLC
042 _apcc
050 0 0 _aRC112
_b.H26 2001
060 1 0 _aWC 39
_bH2361 2000
082 0 0 _aDRef 616.9
_22001
_bH19
245 0 0 _aHandbook of infectious diseases.
246 3 0 _aInfectious diseases
260 _aSpringhouse, Pa. :
_bSpringhouse Corp.,
_cc2001.
300 _ax, 598 pages:
_billustrations;
_c21 cm.
504 _aIncludes bibliographical references and indexes.
650 0 _aCommunicable diseases
_vHandbooks, manuals, etc.
650 1 2 _aCommunicable Diseases
_vHandbooks.
710 2 _aSpringhouse Corporation.
906 _a7
_bcbc
_corignew
_d1
_eocip
_f20
_gy-gencatlg
942 _2ddc
_cDREF
999 _c5946
_d5946